| 000 | 00467nam a22001817a 4500 | ||
|---|---|---|---|
| 999 |
_c524493 _d524493 |
||
| 003 | NUST | ||
| 020 | _a- | ||
| 038 | _aZafar Malik | ||
| 082 |
_a891.421 _bOME |
||
| 100 |
_aOmeed, Fayyaz _915305 |
||
| 245 |
_aNikki Nikki Phohar / _cFayyaz, Omeed |
||
| 260 |
_aLahore _bPakistan Punjabi Adbi Parhia _c1981 |
||
| 300 | _a96 p. ; | ||
| 500 | _aPapercover | ||
| 880 |
_6100-02\r _aفیاض امید |
||
| 880 |
_6245-02\r _aنکی نکی پھوہر |
||
| 942 |
_2ddc _cBK |
||